| 000 | 00893nas a2200289 4500 | ||
|---|---|---|---|
| 001 | BR9705445 | ||
| 003 | BR-BrBNA | ||
| 005 | 20231205100637.0 | ||
| 007 | ta | ||
| 008 | 230509b bl.|||p| |||| 00| 00por d | ||
| 040 |
_aBR-BrBNA _bpor _cBiblioteca Nacional de Agricultura |
||
| 041 | _a(Pt) | ||
| 072 | _aJ11 | ||
| 100 | 1 | _aWiendl, F.M. | |
| 100 | 1 | _aArthur, V. | |
| 100 | 1 | _aWiendl, T.A. | |
| 245 | 1 | _aConservacao pos-colheita do chuchu, Sechium edule L., com o uso da refrigeracao, radiacoes gama do cobalto-60 e filme de polietileno | |
| 650 | _aChuchu | ||
| 650 | _aArmazenamento | ||
| 650 | _aPos-Colheita | ||
| 650 | _aVida-de-Prateleira | ||
| 650 | _aRefrigeracao | ||
| 650 | _aPolietileno | ||
| 773 | 0 |
_tRevista de Agricultura (Brazil) _xISSN 0034-7655 _g(Sep 1997), v. 72(2) p. 179-188 _wBR9705445 |
|
| 909 |
_a202311 _bLúcia _c55 _dLúcia Elande |
||
| 942 |
_2AGRIS _n0 _cANA |
||
| 999 |
_c157200 _d157200 |
||